Statistics for Dead Meat Kill Counts (updated til May 2024)

Click here to take the quiz!

General Stats

  • This quiz has been taken 1,186 times
    (57 since last reset)
  • The average score is 225 of 401

Answer Stats

Movie% Correct
20Child's Play
81%
1Friday the 13th
81%
13Scream
81%
31Alien
75%
317Dracula
75%
88Halloween
75%
66Saw
75%
14Scream 2
75%
15Scream 3
75%
16Scream 4
75%
138The Texas Chain Saw Massacre
75%
45A Nightmare on Elm Street
69%
389Five Nights at Freddy's
69%
11Freddy vs. Jason
69%
2Friday the 13th Part 2
69%
3Friday the 13th Part 3
69%
44IT (2017)
69%
153Jaws
69%
205Ma
69%
17The Thing
69%
323The Wolf Man
69%
322X
69%
33Alien 3
63%
35Alien Resurrection
63%
32Aliens
63%
308American Psycho
63%
127A Quiet Place
63%
222Bones
63%
24Bride of Chucky
63%
21Child's Play 2
63%
23Child's Play 3
63%
211Christine
63%
238Countdown
63%
89Cujo
63%
27Cult of Chucky
63%
26Curse of Chucky
63%
282Don't Breathe
63%
319Don't Breathe 2
63%
161Final Destination
63%
12Friday the 13th (2009 Reboot)
63%
5Friday the 13th: A New Beginning
63%
8Friday the 13th Part VIII: Jason Takes Manhattan
63%
7Friday the 13th Part VII: The New Blood
63%
6Friday the 13th Part VI: Jason Lives
63%
4Friday the 13th: The Final Chapter
63%
19Get Out
63%
392Hannibal
63%
327Haunt
63%
269Host
63%
9Jason Goes to Hell: The Final Friday
63%
10Jason X
63%
74Jigsaw
63%
390Manhunter
63%
329Marvel's Werewolf By Night
63%
80Never Hike Alone
63%
18Night of the Living Dead
63%
320Orphan
63%
85Predator
63%
67Saw II
63%
69Saw III
63%
70Saw IV
63%
71Saw V
63%
72Saw VI
63%
377Saw X
63%
25Seed of Chucky
63%
22Stephen King's IT (1990 Miniseries)
63%
34ThanksKilling
63%
104The Evil Dead
63%
395The Exorcist
63%
397The Exorcist III
63%
56The Look-See (Season 1)
63%
354The Meg
63%
29The Mist
63%
30Trick 'r Treat
63%
353Winnie the Pooh: Blood and Honey
63%
321Wolf Creek
63%
316Would You Rather
63%
28You're Next
63%
33928 Days Later
56%
2303 from Hell
56%
270A Bay of Blood
56%
131A Bucket of Blood
56%
134Alien: Covenant
56%
125Aliens vs. Predator: Requiem
56%
124Alien vs. Predator
56%
242#Alive
56%
309American Psycho 2
56%
55A Nightmare on Elm Street (2010 Remake)
56%
46A Nightmare on Elm Street 2: Freddy's Revenge
56%
47A Nightmare on Elm Street 3: Dream Warriors
56%
48A Nightmare on Elm Street 4: The Dream Master
56%
50A Nightmare on Elm Street 5: The Dream Child
56%
289A Quiet Place Part II
56%
106Army of Darkness
56%
246Basket Case
56%
247Basket Case 2
56%
248Basket Case 3: The Progeny
56%
169Beyond Re-Animator
56%
121Bird Box
56%
38Black Christmas
56%
39Black Christmas (2006 Remake)
56%
255Black Christmas (2019)
56%
331Black Friday
56%
318Blacula
56%
237Blood Quantum
56%
107Blood Rage
56%
203Bloody Birthday
56%
257Bloody New Year
56%
253Blumhouse's Truth or Dare
56%
168Bride of Re-Animator
56%
187Brightburn
56%
173Candyman
56%
177Candyman 3: Day of the Dead
56%
176Candyman: Farewell to the Flesh
56%
206Carrie (1976)
56%
209Carrie (2002)
56%
186Child's Play (2019 Remake)
56%
299Christmas Evil
56%
326Chucky (Season 1)
56%
280Cooties
56%
273Dawn of the Dead
56%
275Day of the Dead
56%
137Demonic Toys
56%
256Doctor Sleep
56%
325Dude Bro Party Massacre III
56%
274Escape Room
56%
199Evil Bong
56%
105Evil Dead 2
56%
108Evil Dead (2013 Remake)
56%
383Evil Dead Rise
56%
396Exorcist II: The Heretic
56%
283Fear Street Part One: 1994
56%
285Fear Street Part Three: 1666
56%
284Fear Street Part Two: 1978
56%
162Final Destination 2
56%
163Final Destination 3
56%
165Final Destination 5
56%
103Frankenstein
56%
51Freddy's Dead: The Final Nightmare
56%
335Gremlins
56%
336Gremlins 2: The New Batch
56%
99Halloween (2007 Remake)
56%
123Halloween (2018)
56%
92Halloween 4: The Return of Michael Myers
56%
93Halloween 5: The Revenge of Michael Myers
56%
95Halloween H20: 20 Years Later
56%
90Halloween II
56%
101Halloween II (2009)
56%
91Halloween III: Season of the Witch
56%
313Halloween Kills
56%
97Halloween: Resurrection
56%
94Halloween: The Curse of Michael Myers
56%
271Happy Birthday to Me
56%
292Hellbound: Hellraiser II
56%
180Hell Fest
56%
291Hellraiser
56%
293Hellraiser III: Hell on Earth
56%
243Hereditary
56%
185Home Sweet Home
56%
228House of 1000 Corpses
56%
160Hush
56%
189IT: Chapter Two
56%
36Jack Frost
56%
37Jack Frost 2: Revenge of the Mutant Killer Snowman
56%
155Jaws 2
56%
157Jaws 3D
56%
159Jaws: The Revenge
56%
79Jurassic Park
56%
83Jurassic Park III
56%
84Jurassic World
56%
115Jurassic World: Fallen Kingdom
56%
42Killer Klowns from Outer Space
56%
40Krampus
56%
145Leatherface
56%
140Leatherface: Texas Chainsaw Massacre III
56%
57Leprechaun
56%
59Leprechaun 2
56%
61Leprechaun 3
56%
62Leprechaun 4: In Space
56%
64Leprechaun: Back 2 Tha' Hood
56%
63Leprechaun in the Hood
56%
65Leprechaun: Origins
56%
133Leprechaun Returns
56%
196Mandy
56%
251Mayhem
56%
278Midsommar
56%
148Mordeo (Season 1)
56%
267Mortal Kombat
56%
49My Bloody Valentine
56%
126My Bloody Valentine 3D
56%
375Never Hike Alone 2
56%
241Never Hike in the Snow
56%
41New Year's Evil
56%
398Nope
56%
381Orphan: First Kill
56%
128Pet Sematary
56%
86Predator 2
56%
87Predators
56%
334Prey
56%
132Prometheus
56%
198Quarantine
56%
227Quarantine 2: Terminal
56%
188Ready or Not
56%
166Re-Animator
56%
224[REC]²
56%
197[REC]
56%
226[REC]⁴: Apocalypse
56%
225[REC]³: Génesis
56%
393Red Dragon
56%
286Revenge
56%
380Ringu
56%
73Saw 3D
56%
195Scary Stories to Tell in the Dark
56%
338Scream (2022)
56%
355Scream VI
56%
272Shaun of the Dead
56%
117Silent Night
56%
109Silent Night, Deadly Night
56%
112Silent Night, Deadly Night 3: Better Watch Out!
56%
114Silent Night, Deadly Night 4: Initiation
56%
110Silent Night, Deadly Night Part 2
56%
387Smile
56%
167Social Mediasochist (Common Shiner Music Video)
56%
276Social Mediasochist II - On and On (Common Shiner)
56%
288Spiral: From the Book of Saw
56%
290Spookies
56%
297Stitches
56%
218Stranger Things (Season 1)
56%
60Sunny Family Cult (Season 1 & 2)
56%
193Sweeney Todd: The Demon Barber of Fleet Street
56%
152Terrifier
56%
144Texas Chainsaw 3D
56%
141Texas Chainsaw Massacre: The Next Generation
56%
294ThanksKilling 3
56%
184The Banana Splits Movie
56%
58The Belko Experiment
56%
120The Birds
56%
330The Black Phone
56%
191The Cabin in the Woods
56%
178The Dentist
56%
179The Dentist 2
56%
170The Descent
56%
171The Descent Part 2
56%
229The Devil's Rejects
56%
164The Final Destination
56%
130The First Purge
56%
300The Forever Purge
56%
239The Invisible Man (1933)
56%
240The Invisible Man (2020)
56%
386The Lost Boys
56%
81The Lost World: Jurassic Park
56%
378The Mean One
56%
201The Mutilator
56%
135The Predator
56%
236The Prowler
56%
75The Purge
56%
76The Purge: Anarchy
56%
77The Purge: Election Year
56%
208The Rage: Carrie 2
56%
175The Shining
56%
391The Silence of the Lambs
56%
54The Strangers
56%
113The Strangers: Prey at Night
56%
139The Texas Chainsaw Massacre 2
56%
142The Texas Chainsaw Massacre (2003 Reboot)
56%
143The Texas Chainsaw Massacre: The Beginning
56%
43The Thing (2011 Prequel)
56%
174The Witch
56%
207Tourist Trap
56%
277Train to Busan
56%
301Tremors
56%
302Tremors 2: Aftershocks
56%
303Tremors 3: Back to Perfection
56%
304Tremors 4: The Legend Begins
56%
305Tremors 5: Bloodlines
56%
306Tremors: A Cold Day in Hell
56%
307Tremors: Shrieker Island
56%
78Uncle Sam
56%
82Unfriended
56%
111Unfriended: Dark Web
56%
200Upgrade
56%
154Us
56%
194Valentine
56%
52Wes Craven's New Nightmare
56%
328Willy's Wonderland
56%
216Wrong Turn
56%
217Wrong Turn 2: Dead End
56%
219Wrong Turn 3: Left for Dead
56%
220Wrong Turn 4: Bloody Beginnings
56%
221Wrong Turn 5: Bloodlines
56%
223Wrong Turn VI: Last Resort
56%
26412 Hour Shift
50%
279Behind the Mask: The Rise of Leslie Vernon
50%
287Benny Loves You
50%
190Better Watch Out
50%
332Bodies Bodies Bodies
50%
348Bones and All
50%
136Boy Meets World: And Then There Was Shawn (S05E17)
50%
298Candyman (2021)
50%
210Carrie (2013)
50%
122Chopping Mall
50%
215Come to Daddy
50%
344Critters
50%
345Critters 2
50%
346Critters 3
50%
349Critters Attack!
50%
361Cronos
50%
367Danganronpa: Trigger Happy Havoc
50%
311Deathgasm
50%
260Def by Temptation
50%
359Don't Hug Me I'm Scared
50%
371Dylan’s New Nightmare
50%
261Freaky
50%
365Freddy vs. Jason vs. Ash
50%
340Frogs
50%
388From Dusk till Dawn
50%
394Hannibal Rising
50%
68Happy Death Day
50%
150Happy Death Day 2U
50%
295Hellraiser: Bloodline
50%
356Hostel
50%
357Hostel: Part II
50%
358Hostel: Part III
50%
102Ice Cream Man
50%
245Idle Hands
50%
212I Know What You Did Last Summer
50%
214I'll Always Know What You Did Last Summer
50%
249Into the Dark: Pilgrim (S02E02)
50%
213I Still Know What You Did Last Summer
50%
156It Follows
50%
254Jennifer's Body
50%
333Malignant
50%
296Mortal Kombat (2021)
50%
268Mortal Kombat: Annihilation
50%
366Mortal Kombat X
50%
129Pet Sematary Two
50%
281PG: Psycho Goreman
50%
265Pieces
50%
314Pontypool
50%
53President's Day
50%
385Puppet Master
50%
151Return to Sleepaway Camp
50%
118Santa's Slay
50%
116Silent Night, Deadly Night 5: The Toy Maker
50%
202Sinister
50%
204Sinister 2
50%
146Sleepaway Camp
50%
149Sleepaway Camp III: Teenage Wasteland
50%
147Sleepaway Camp II: Unhappy Campers
50%
310Slither
50%
182Slumber Party Massacre II
50%
183Slumber Party Massacre III
50%
192Society
50%
259Spree
50%
244Stranger Things (Season 2)
50%
312Stranger Things (Season 3)
50%
98Sunny Family Cult (Season 3)
50%
100Suspiria
50%
233Tales from the Hood
50%
234Tales from the Hood 2
50%
252Tales from the Hood 3
50%
370Talk to Me
50%
262Tammy and the T-Rex
50%
119Terror Train
50%
315Texas Chainsaw Massacre (2022)
50%
158The Babysitter
50%
231The Babysitter: Killer Queen
50%
364The Blair Witch Project
50%
343The Collection
50%
342The Collector
50%
363The Guy Who Didn't Like Musicals
50%
250The Hunt
50%
235The Lighthouse
50%
96The Look-See (Season 2)
50%
181The Slumber Party Massacre
50%
324The Wolfman (Remake)
50%
266Thir13en Ghosts
50%
379Treevenge
50%
232Tucker & Dale vs. Evil
50%
350Urban Legend
50%
352Urban Legends: Bloody Mary
50%
351Urban Legends: Final Cut
50%
263Wrong Turn (2021 Reboot)
50%
172Zombieland
50%
258Zombieland: Double Tap
50%
376Barbarian
44%
347Critters 4
44%
341Deep Rising
44%
369Emesis Blue
44%
382Hell House LLC
44%
372Llamageddon
44%
360Mortal Kombat (2011 video game)
44%
401Prom Night
44%
373Terrifier 2
44%
362The Silver Scream (Ice Nine Kills)
44%
368The Toxic Avenger
44%
337The Tripper
44%
374Too Many Cooks
44%
384The Menu
38%
402Hello Mary Lou: Prom Night II
31%
400Serial Mom
31%

Score Distribution

Percentile by Number Answered

Percent of People with Each Score

Your Score History

You have not taken this quiz since the last reset